[Event "FICGS class C 000368 email"]
[Site "FICGS email"]
[Date "2023.05.31"]
[Round "1"]
[White "Dyson, John"]
[Black "Salonen, Jukka"]
[Result "1-0"]
[WhiteElo "2035"]
[BlackElo "1996"]
[PlyCount "113"]
[EventDate "2023.??.??"]
[EventType "tourn (corr)"]
[EventRounds "1"]
[SourceTitle "Corr 2024"]
[Source "ChessBase"]
[SourceDate "2023.10.19"]
[SourceVersion "1"]
[SourceVersionDate "2023.10.19"]
[SourceQuality "1"]

1. e4 e5 2. Nf3 Nc6 3. Bc4 Bc5 4. c3 Nf6 5. d3 a6 6. 0-0 d6 7. a4 0-0 8. Re1 h6 9. h3 Ba7 10. Nbd2 Ne7 11. b4 Ng6 12. d4 Re8 13. Bd3 Nh5 14. Nf1 Ngf4 15. Bc2 Re6 16. Kh2 Rg6 17. Ne3 a5 18. bxa5 Bd7 19. Rb1 Nf6 20. Rxb7 Bc8 21. Rxa7 Rxa7 22. dxe5 Qd7 23. Nf5 Rxg2+ 24. Kh1 N6h5 25. Bxf4 Nxf4 26. exd6 Rxa5 27. Qd2 cxd6 28. Qxf4 Rxf2 29. Bd3 Bb7 30. Bb5 Qe6 31. Kg1 Rb2 32. Qxd6 Qxd6 33. Nxd6 Ra7 34. c4 Ba8 35. Rc1 f5 36. c5 fxe4 37. Ne5 Rd2 38. Nc8 Rc7 39. Nb6 Bd5 40. Nxd5 Rxd5 41. Bc4 Rcxc5 42. Bxd5+ Rxd5 43. Nc4 Kf7 44. a5 Ke6 45. a6 Rd7 46. Ra1 Ra7 47. Nb6 Kf5 48. Nc8 Ra8 49. a7 Rxc8 50. a8Q Rxa8 51. Rxa8 Kg5 52. Kf2 Kf4 53. Ra6 e3+ 54. Ke2 Ke4 55. Rg6 Kf5 56. Rxg7 Kf6 57. Ra7 1-0

[Event "LSS RC-2023-0-00260"]
[Site "LSS email"]
[Date "2023.01.17"]
[Round "?"]
[White "Salonen, Jukka"]
[Black "Sofia, Gerardo"]
[Result "1/2-1/2"]
[WhiteElo "1714"]
[BlackElo "1693"]
[PlyCount "66"]
[EventDate "2021.10.27"]
[EventType "tourn (corr)"]
[EventRounds "6"]
[EventCountry "GER"]
[SourceTitle "Corr 2024"]
[Source "ChessBase"]
[SourceDate "2023.10.19"]
[SourceVersion "1"]
[SourceVersionDate "2023.10.19"]
[SourceQuality "1"]

1. d4 Nf6 2. Nf3 e6 3. c4 b6 4. g3 Bb7 5. Bg2 Bb4+ 6. Bd2 Bxd2+ 7. Qxd2 Ne4 8. Qc2 f5 9. 0-0 0-0 10. Nc3 Nxc3 11. Qxc3 a5 12. Rad1 Qe7 13. Ne5 Bxg2 14. Kxg2 d6 15. Nd3 Nd7 16. Rd2 Nf6 17. Rc2 Rfe8 18. c5 bxc5 19. dxc5 d5 20. Ne5 Nd7 21. Nc6 Qf7 22. f4 Ra6 23. Nd4 e5 24. fxe5 Nxe5 25. Rxf5 Rf6 26. Rxf6 Qxf6 27. Nf3 Qf5 28. Nxe5 Rxe5 29. Kg1 c6 30. Qd3 Qg4 31. b3 h5 32. h4 Qe6 33. Qd2 Qg4 1/2-1/2

[Event "FICGS rapid A 000286 email"]
[Site "FICGS email"]
[Date "2022.08.14"]
[Round "1"]
[White "Swiatek, Janusz"]
[Black "Salonen, Jukka"]
[Result "1-0"]
[WhiteElo "2224"]
[BlackElo "1981"]
[PlyCount "123"]
[EventDate "2022.??.??"]
[EventType "tourn (rapid)"]
[EventRounds "6"]
[SourceTitle "Corr 2024"]
[Source "ChessBase"]
[SourceDate "2023.10.19"]
[SourceVersion "1"]
[SourceVersionDate "2023.10.19"]
[SourceQuality "1"]

1. d4 Nf6 2. c4 e6 3. g3 d5 4. Bg2 dxc4 5. Nf3 c5 6. 0-0 Nc6 7. Qa4 Bd7 8. Qxc4 cxd4 9. Nxd4 Na5 10. Qd3 Be7 11. Rd1 Rc8 12. Nb5 a6 13. Nd6+ Bxd6 14. Qxd6 Bc6 15. Qxd8+ Rxd8 16. Rxd8+ Kxd8 17. Bf1 e5 18. b3 b5 19. Bd2 Nb7 20. Na3 Ne4 21. Rc1 Kd7 22. Bh3+ Kd6 23. Bg2 f5 24. f4 Nd8 25. Bb4+ Kd7 26. fxe5 Bd5 27. Nc2 Nc6 28. Ba3 Nc3 29. Bxd5 Nxd5 30. Ne1 b4 31. Bb2 Nc3 32. Bxc3 bxc3 33. Rxc3 Nxe5 34. Nd3 Nxd3 35. Rxd3+ Ke6 36. Rc3 Kd6 37. Rc4 g6 38. Ra4 Ra8 39. Ra5 Kc6 40. Kf2 Kb6 41. Re5 Ra7 42. h4 Rd7 43. h5 Rd2 44. h6 Rxa2 45. Re7 Ra1 46. Rxh7 Rh1 47. Kg2 Rh5 48. Rh8 g5 49. h7 Kb7 50. g4 fxg4 51. b4 Rh6 52. Kg3 Rh1 53. Kxg4 Rg1+ 54. Kh5 Rh1+ 55. Kxg5 Rg1+ 56. Kf5 Rf1+ 57. Ke5 Rh1 58. e4 Ka7 59. Ke6 Rh2 60. e5 Rh1 61. Kd6 Rd1+ 62. Kc6 1-0

[Event "FICGS class C 000354 email"]
[Site "FICGS email"]
[Date "2022.05.01"]
[Round "1"]
[White "Salonen, Jukka"]
[Black "Sternik, Ryszard"]
[Result "1-0"]
[WhiteElo "1863"]
[BlackElo "2014"]
[PlyCount "21"]
[EventDate "2022.??.??"]
[EventType "tourn (corr)"]
[EventRounds "1"]
[SourceTitle "Corr 2024"]
[Source "ChessBase"]
[SourceDate "2023.10.19"]
[SourceVersion "1"]
[SourceVersionDate "2023.10.19"]
[SourceQuality "1"]

1. e4 c5 2. Nf3 e6 3. d4 cxd4 4. Nxd4 Nf6 5. Nc3 Nc6 6. Ndb5 d6 7. Bf4 e5 8. Bg5 a6 9. Na3 Be7 10. Nc4 Bg4 11. Be2 1-0

[Event "FICGS rapid B 000378 email"]
[Site "FICGS email"]
[Date "2022.04.18"]
[Round "1"]
[White "Denegri, German"]
[Black "Salonen, Jukka"]
[Result "1/2-1/2"]
[WhiteElo "1992"]
[BlackElo "1863"]
[PlyCount "55"]
[EventDate "2022.??.??"]
[EventType "tourn (rapid)"]
[EventRounds "6"]
[SourceTitle "Corr 2024"]
[Source "ChessBase"]
[SourceDate "2023.10.19"]
[SourceVersion "1"]
[SourceVersionDate "2023.10.19"]
[SourceQuality "1"]

1. c4 e5 2. g3 Nf6 3. Bg2 d5 4. cxd5 Nxd5 5. Nc3 Nb6 6. Nf3 Nc6 7. 0-0 Be7 8. d3 0-0 9. a3 Be6 10. b4 a5 11. b5 Nd4 12. Bb2 Nb3 13. Rb1 f6 14. Nd2 Nxd2 15. Qxd2 Nc4 16. Qc1 Nxb2 17. Qxb2 Rb8 18. Rfc1 Qd6 19. Na4 b6 20. Rc6 Qd7 21. Rbc1 Rbc8 22. Qc3 Bd6 23. Nb2 Rfd8 24. Nc4 Bf8 25. a4 Bb4 26. Qc2 Qf7 27. Nd2 Qe7 28. Nc4 1/2-1/2

[Event "FICGS rapid A 000275 email"]
[Site "FICGS email"]
[Date "2021.09.28"]
[Round "1"]
[White "Laduke, Matt"]
[Black "Salonen, Jukka"]
[Result "1-0"]
[WhiteElo "2081"]
[BlackElo "1945"]
[PlyCount "97"]
[EventDate "2021.??.??"]
[EventType "tourn (rapid)"]
[EventRounds "6"]
[SourceTitle "Corr 2024"]
[Source "ChessBase"]
[SourceDate "2023.10.19"]
[SourceVersion "1"]
[SourceVersionDate "2023.10.19"]
[SourceQuality "1"]

1. e4 e5 2. Nf3 Nc6 3. Bb5 a6 4. Ba4 Nf6 5. 0-0 Nxe4 6. d4 exd4 7. Re1 d5 8. Nxd4 Bd6 9. Nxc6 Bxh2+ 10. Kh1 Qh4 11. Rxe4+ dxe4 12. Qd8+ Qxd8 13. Nxd8+ Kxd8 14. Kxh2 Be6 15. Be3 b5 16. Bb3 Bxb3 17. axb3 f5 18. Nc3 Kd7 19. Nd5 h6 20. Bd4 Rhg8 21. c4 Kd6 22. Bc3 g5 23. Rd1 Rgd8 24. Nxc7+ Kc6 25. Nd5 Kb7 26. Ba5 Rd7 27. Rc1 Rf8 28. Nb4 bxc4 29. bxc4 f4 30. c5 Kc8 31. c6 Rd6 32. Rc5 Rff6 33. Kg1 Rd1+ 34. Kh2 Rdd6 35. Kh3 Rde6 36. c7 e3 37. fxe3 fxe3 38. Nd5 Rf2 39. Nb6+ Rxb6 40. Bxb6 Rxb2 41. Ba5 Rb5 42. Rxb5 axb5 43. Kg4 e2 44. Kh5 g4 45. Kxh6 g3 46. Kg5 b4 47. Bxb4 Kxc7 48. Be1 Kd7 49. Bxg3 1-0

[Event "FICGS rapid A 000275 email"]
[Site "FICGS email"]
[Date "2021.09.28"]
[Round "1"]
[White "Salonen, Jukka"]
[Black "Bussoli, Marco"]
[Result "0-1"]
[WhiteElo "1945"]
[BlackElo "1962"]
[PlyCount "112"]
[EventDate "2021.??.??"]
[EventType "tourn (rapid)"]
[EventRounds "6"]
[SourceTitle "Corr 2024"]
[Source "ChessBase"]
[SourceDate "2023.10.19"]
[SourceVersion "1"]
[SourceVersionDate "2023.10.19"]
[SourceQuality "1"]

1. e4 c5 2. Nf3 d6 3. d4 cxd4 4. Nxd4 Nf6 5. Nc3 a6 6. Bg5 e6 7. f4 Nbd7 8. Qf3 Qc7 9. 0-0-0 b5 10. a3 Rb8 11. f5 e5 12. Nb3 h6 13. Bd2 b4 14. axb4 Rxb4 15. Bd3 Be7 16. g4 Bb7 17. h4 d5 18. exd5 Rxg4 19. Qe2 Bb4 20. Bxa6 Bxa6 21. Qxa6 0-0 22. Rhg1 h5 23. Rxg4 hxg4 24. Kb1 Rc8 25. Qd3 Nb6 26. Ne4 Nfxd5 27. Rg1 Bxd2 28. Nbxd2 Nf4 29. Qb3 Nbd5 30. Rxg4 Qc6 31. c4 Nf6 32. Nxf6+ Qxf6 33. Qc2 Qb6 34. h5 Qf2 35. h6 Rd8 36. Rxg7+ Kh8 37. f6 Qe1+ 38. Qc1 Qe3 39. Qc2 Nd3 40. Nb3 Rb8 41. Qd1 Qe4 42. Rg4 Qf5 43. Rg5 Qxg5 44. Qxd3 e4 45. Qc3 e3 46. Nc1 Rd8 47. Ka2 Qg6 48. Qxe3 Qc2 49. Qf3 Qxc1 50. Qe2 Rb8 51. h7 Rd8 52. Kb3 Rc8 53. Ka2 Qxc4+ 54. Qxc4 Rxc4 55. Kb3 Rc8 56. Ka4 Kxh7 0-1